000 01336nam a22003377a 4500
003 AR-RoUNA
005 20260522114335.0
008 260522b |||||||| |||| 00| 0 spa d
020 _a979-12-80723-31-4
040 _aAR-RoUNA
_bspa
_dAR-RoUNA
041 _aita
044 _aag
100 1 _aVisconti, Federica
_927278
245 1 0 _aNot only blocks.
_b3+1 progetti per un'idea di citta
_c/ Federica Visconti y Renato Capozzi
250 _a1a. ed.
260 _aItalia :
_bAión Edizione Firenze,
_c2024
300 _a128 p. :
_bil. col.
_bplanos
_c17x12 cm
505 0 _tINDICE
505 0 _t Ermelinda di Chiara / Nota del editor acerca de la metodología. p. 7
505 0 _tFederica Visconti / Ciudad de bloques vs. Ciudad de lugar. p. 15
505 0 _tRenato Capozzi / 3+1 Proyecto para una idea de ciudad
505 0 _aI. Conversión. Nuevo campus universitario en la Ciudad Abierta. p. 46
505 0 _aII. Grandes urbanizaciones. Estrategia de composición urbana para Scharmhorst-Ost. p. 70
505 0 _aIII. Puerto de la ciudad. Vivir la ciudad-naturaleza. p. 94
505 0 _aIV. Grandes almacenes. Bloques azules para el casco antiguo. p. 118
700 1 _aCapozzi, Renato
_927276
908 _aImp
942 _2udc
_cLIB
945 _d2026-05-22
980 _65
_aMaría Machado
_81
_gMaricel Allasia
999 _c12425
_d12425